| 000 | 00853nas a2200301 4500 | ||
|---|---|---|---|
| 001 | BR0101542 | ||
| 003 | BR-BrBNA | ||
| 005 | 20231205102147.0 | ||
| 007 | ta | ||
| 008 | 230509b bl.|||p| |||| 00| 00por d | ||
| 040 |
_aBR-BrBNA _bpor _cBiblioteca Nacional de Agricultura |
||
| 041 | _a(Pt) | ||
| 072 | _aP40 | ||
| 100 | 1 | _aCunha, G.R. da | |
| 100 | 1 | _aSilva, M.S. e | |
| 100 | 1 | _aArias, G. | |
| 100 | 1 | _aDalmago, G.A. | |
| 245 | 1 | _aCaracterizacao bioclimatica de cevadas brasileiras | |
| 650 | _aCevada | ||
| 650 | _aGerminacao | ||
| 650 | _aBioclimatologia | ||
| 650 | _aVernalizacao | ||
| 650 | _aSemeadura | ||
| 650 | _aTemperatura | ||
| 773 | 0 |
_tRevista Brasileira de Agrometeorologia (Brazil) _xISSN 0104-1347 _g(Jul-Dec 1999), v. 7(2) p. 201-206 _wBR0101542 |
|
| 909 |
_a202311 _bLúcia _c55 _dLúcia Elande |
||
| 942 |
_2AGRIS _n0 _cANA |
||
| 999 |
_c166053 _d166053 |
||